| 000 | 00636nam a22001937a 4500 | ||
|---|---|---|---|
| 003 | ASAB | ||
| 005 | 20240701151746.0 | ||
| 008 | 170712b xxu||||| |||| 00| 0 eng d | ||
| 038 | _aNusrat Nadeem | ||
| 040 | _cASAB | ||
| 082 | _a200 | ||
| 100 |
_aMuhsin Jamal _9123936 |
||
| 245 |
_asolation and characterization of bacteriophages and their potential to control bacterial biofilm/ _cMuhsin Jamal-sup-Dr. Saadia Andleeb |
||
| 300 | _a177 P | ||
| 600 |
_xPhD-Industrial Biotechnology _9123937 |
||
| 700 |
_aSupervisor:Dr.Sadia Andleeb _9123909 |
||
| 856 | _u http://10.250.8.41:8080/xmlui/handle/123456789/25441 | ||
| 942 |
_2ddc _cSC |
||
| 999 |
_c330435 _d330435 |
||